| 000 | 00452nam a2200181Ia 4500 | ||
|---|---|---|---|
| 005 | 20240429125050.0 | ||
| 008 | 131103s9999 xx 000 0 und d | ||
| 040 | _aLoreto College | ||
| 041 | _aEnglish | ||
| 082 |
_a371.33 _bWES |
||
| 100 | _aWeston, John | ||
| 245 | 4 |
_aThe tape recoder in the classroom _cJohn Weston |
|
| 260 |
_aLondon _bNational committee _c1968 |
||
| 300 | _a127p | ||
| 650 | _aEducation | ||
| 850 | _aLCBED | ||
| 942 | _cBK | ||
| 999 |
_c26084 _d76563 |
||